000
00373nam a2200133Ia 4500
008
151001s9999||||xx |||||||||||||| ||und||
100
_a
ना गो कालेलकर
245
_a
वाचता वाचता
250
_a
1
260
_b
प्रेस्टीज पब्लिकेशन पुणे
260
_c
1979
300
_a
225
365
_b
22
999
_c
960364
_d
960361